[Event "CHN-RUS Chess Summit w"]
[Site "Ergun CHN"]
[Date "2006.08.10"]
[Round "1"]
[White "Wang Yu A"]
[Black "Matveeva,S"]
[Result "1/2-1/2"]
[WhiteElo "2390"]
[BlackElo "2454"]

1.e4 e6 2.d4 d5 3.Nd2 a6 4.Ngf3 c5 5.dxc5 Bxc5 6.Bd3 Nf6 7.O-O O-O 8.a3 Nc6
9.b4 Ba7 10.Bb2 b5 11.exd5 Nxd5 12.c4 Ne3 13.Bxh7+ Kxh7 14.fxe3 Bxe3+ 15.Kh1 bxc4
16.Nxc4 Qxd1 17.Raxd1 Bh6 18.Nd6 f6 19.h3 Kg8 20.Bc1 Bxc1 21.Rxc1 Bd7 22.Rfd1 e5
23.Nb7 Bc8 24.Nd6 Na7 25.Nd2 Nb5 26.N2c4 Be6 27.a4 Nd4 28.a5 Rad8 29.Nb7 Rb8
30.Ncd6 Bd5 31.Rc7 Bxb7 32.Rxb7 Rxb7 33.Nxb7 Rb8 34.Nc5 Rxb4 35.Ra1 Rb5 36.Nxa6 Nb3
37.Nc7 Rxa5 38.Rxa5 Nxa5 39.Kg1 Kf7 40.Kf2 Nb3 41.Ke3 Nc5 42.Nb5 f5 43.g3 g5
44.Nc3 Ke6 45.Ne2 Nd7 46.Kf3 Nf6 47.Kf2 e4 48.Nd4+ Ke5 49.Nc6+ Kd5 50.Ne7+ Ke6
51.Nc6 f4 52.Nd8+ Ke7 53.Nb7 Nh5 54.gxf4 gxf4 55.Nc5 e3+ 56.Kf3 Kf6 57.Nd3 Kf5
58.Nxf4  1/2-1/2

[Event "93rd ch-GBR"]
[Site "Swansea WLS"]
[Date "2006.08.10"]
[Round "4"]
[White "Jones,G"]
[Black "Pert,N"]
[Result "0-1"]
[WhiteElo "2416"]
[BlackElo "2503"]

1.e4 e6 2.d4 d5 3.Nd2 Be7 4.Ngf3 Nf6 5.e5 Nfd7 6.Bd3 c5 7.c3 b6 8.Qe2 cxd4
9.Nxd4 Nc5 10.Bb5+ Bd7 11.O-O Bxb5 12.Qxb5+ Qd7 13.a4 O-O 14.b4 a6 15.Qxb6 Nxa4
16.Qa5 Nxc3 17.b5 Nxb5 18.Nxb5 Nc6 19.Qa4 axb5 20.Qxa8 Rxa8 21.Rxa8+ Bd8
22.Bb2 Qb7 23.Rfa1 h6 24.Nb3 Kh7 25.Nc5 Qe7 26.Rc1 Na5 27.Rb8 Nc4 28.Rxb5 Qg5
29.Rd1 Nxb2 30.Rxb2 Qxe5 31.Nd3 Qc3 32.Rbb1 Bg5 33.Ne1 f5 34.Rd3 Qc4 35.Rbd1 Bf6
36.Nf3 g5 37.h3 h5 38.R3d2 g4 39.hxg4 hxg4 40.Nd4 Bxd4 41.Rxd4 Qc7 42.g3 Kg6
43.Kg2 Qc3 44.R1d3 Qc6 45.Rd1 Kf6 46.Kg1 Qb6 47.R4d2 Qc5 48.Rd3 Ke7 49.R3d2 Kd6
50.Ra2 Qc4 51.Rda1 d4 52.Ra8 Qc3 53.R1a3 Qe1+ 54.Kg2 Ke5 55.R3a4 Qe4+ 56.Kf1 Qb1+
57.Kg2 Qb7+ 58.Kg1 Qb1+ 59.Kg2 d3 60.Rd8 Qb6 61.Raa8 d2 62.f4+ gxf3+ 63.Kxf3 d1=Q+  0-1

[Event "FSIMA August"]
[Site "Budapest HUN"]
[Date "2006.08.11"]
[Round "7"]
[White "Rudolf,An"]
[Black "Werner,Di"]
[Result "0-1"]
[WhiteElo "2249"]
[BlackElo "2315"]

1.e4 e6 2.d4 d5 3.Nd2 Be7 4.Bd3 c5 5.dxc5 Nf6 6.Qe2 O-O 7.Ngf3 a5 8.O-O Na6
9.e5 Nd7 10.c3 Naxc5 11.Bc2 b6 12.Re1 Ba6 13.Qe3 f6 14.exf6 Bxf6 15.Nd4 Ne5
16.Qh3 Bd3 17.N2b3 Bxc2 18.Nxc2 Qd7 19.Ncd4 Rae8 20.Bg5 Ne4 21.Bxf6 Rxf6
22.f3 Rh6 23.Qxh6 gxh6 24.fxe4 Nd3 25.Re3 dxe4 26.Rxe4 e5 27.Rd1 Nc5 28.Re2 exd4
29.Rxd4 Rxe2  0-1

[Event "93rd ch-GBR"]
[Site "Swansea WLS"]
[Date "2006.08.11"]
[Round "5"]
[White "Pert,R"]
[Black "Thomas,Ni"]
[Result "1/2-1/2"]
[WhiteElo "2445"]
[BlackElo "2299"]

1.d4 e6 2.e4 d5 3.Nd2 Nc6 4.Ngf3 Nf6 5.e5 Nd7 6.Nb3 Be7 7.Bb5 a5 8.a4 Na7
9.Be2 b6 10.O-O c5 11.Re1 Nc6 12.c4 Nb4 13.cxd5 Nxd5 14.Bb5 O-O 15.dxc5 Nxc5
16.Nbd4 Nb4 17.Bd2 Bb7 18.Bxb4 axb4 19.Qe2 Qc7 20.Rac1 Bd5 21.b3 Qb7 22.Bc4 Be4
23.Qe3  1/2-1/2

[Event "CHN-RUS Chess Summit"]
[Site "Ergun CHN"]
[Date "2006.08.12"]
[Round "3"]
[White "Malakhov,V"]
[Black "Zhang Zhong"]
[Result "1/2-1/2"]
[WhiteElo "2690"]
[BlackElo "2639"]

1.e4 e6 2.d4 d5 3.Nd2 Nc6 4.Ngf3 Nf6 5.e5 Nd7 6.Nb3 Be7 7.Bb5 a5 8.a4 Na7
9.Bd3 b6 10.Bd2 c5 11.dxc5 Nxc5 12.Nxc5 bxc5 13.b3 Nc6 14.O-O O-O 15.Re1 Nb4
16.Bb5 Ba6 17.c4 Bb7 18.Bc3 Qb6 19.Qe2 Rad8 20.Red1 h6 21.Ne1 Nc6 22.cxd5 exd5
23.Nd3 Nb4 24.Nf4 Bg5 25.e6 Qd6 26.Bxb4 cxb4 27.exf7+ Rxf7 28.Ne6 Rc8 29.Nxg5 hxg5
30.Rd3 Re7 31.Qh5 Qh6 32.Qf3 Qf6 33.Rad1 Rc2 34.h3 Re4 35.Qg3 Qe5 36.Rf3 Qxg3
37.Rxg3 Re5 38.Rd4 Bc8 39.Rf3 Bf5 40.Rg3 Be6 41.Be8 g4 42.hxg4 Re1+ 43.Kh2 Rxf2
44.Bc6 Re5 45.Rgd3 Rb2 46.Kg3 Kf7 47.Bxd5 Bxd5 48.Rxd5 Rxd5 49.Rxd5 Rxb3+
50.Kf4 Ra3 51.Rxa5 b3 52.Kf5 b2 53.Ra7+ Kg8 54.Rb7 Rxa4 55.Rxb2  1/2-1/2

[Event "HZ Open"]
[Site "Vlissingen NED"]
[Date "2006.08.12"]
[Round "9"]
[White "Mindeguia Guruceaga,J"]
[Black "Sparreboom,W"]
[Result "1-0"]
[WhiteElo "2199"]
[BlackElo "1997"]

1.e4 e6 2.d4 d5 3.Nd2 a6 4.c3 c5 5.e5 cxd4 6.cxd4 Bb4 7.a3 Bxd2+ 8.Bxd2 Nc6
9.Nf3 Qb6 10.Bc3 Nge7 11.Bd3 Bd7 12.O-O Ng6 13.g3 Rc8 14.Qd2 Qd8 15.h4 Nge7
16.a4 O-O 17.Rac1 f6 18.exf6 Rxf6 19.Kg2 Qf8 20.Ne5 Nxe5 21.dxe5 Rf7 22.b3 d4
23.Bxd4 Bc6+ 24.Kg1 Rf3 25.Bc5 Rd8 26.Bd6 Qf7 27.Be2 Rxb3 28.Qc2 Rf3 29.Bxe7 Qxe7
30.Bxf3 Bxf3 31.Qc7 Rd7 32.Qc8+ Kf7 33.Rc4 Bc6 34.Qh8 Kg6 35.Rg4+ Kh6 36.Re1 Qf7
37.h5 g5 38.hxg6 Qf3 39.Rh4+ Kg5 40.Qf6+ Qxf6 41.exf6 hxg6 42.Rf4 Rh7 43.Re5+  1-0

[Event "16th Open"]
[Site "Abu Dhabi UAE"]
[Date "2006.08.16"]
[Round "5"]
[White "Aswin,J"]
[Black "Hassan,Ab"]
[Result "1/2-1/2"]
[WhiteElo "2221"]
[BlackElo "2365"]

1.e4 e6 2.d4 d5 3.Nd2 a6 4.Ngf3 c5 5.exd5 exd5 6.Bd3 Nf6 7.O-O c4 8.Re1+ Be7
9.Bf1 O-O 10.Ne5 b5 11.g3 Bb7 12.Bg2 Re8 13.a4 Nc6 14.c3 Nxe5 15.dxe5 Nd7
16.axb5 axb5 17.Rxa8 Bxa8 18.b4 d4 19.Bxa8 Qxa8 20.Qg4 Qd5 21.cxd4 Bxb4 22.Rd1 h5
23.Qe4 Nb6 24.f3 f6 25.Qg6 Qxd4+ 26.Kg2 Kf8 27.Ne4 Qxd1 28.Bh6 Ke7 29.exf6+ gxf6
30.Qxf6+ Kd7 31.Qxb6 Rxe4 32.Qxb5+ Kc7 33.fxe4 Qe2+ 34.Kg1 Bd6 35.Qa5+ Kc6
36.Qd5+ Kc7 37.Qa5+  1/2-1/2

[Event "Open"]
[Site "Stare Mesto CZE"]
[Date "2006.08.16"]
[Round "7"]
[White "Ponizil,C"]
[Black "Lasinskas,P"]
[Result "1/2-1/2"]
[WhiteElo "2199"]
[BlackElo "2124"]

1.e4 e6 2.d4 d5 3.Nd2 Nc6 4.Ngf3 Nf6 5.e5 Nd7 6.c3 f6 7.exf6 Qxf6 8.Bb5 Bd6
9.Nf1 O-O 10.Bg5 Qf7 11.Bh4 e5 12.Ne3 exd4 13.cxd4 Bb4+ 14.Kf1 Bd6 15.Rc1 Bf4
16.Rc3 Bxe3 17.fxe3 Nf6 18.Bxf6 Qxf6 19.Qb3 Qd6 20.Ke1 Bh3 21.Bf1 Rab8 22.e4 Be6
23.e5 Qe7 24.Qd1 Rxf3 25.Rxf3 Bg4 26.Be2 Bxf3 27.Bxf3 Qb4+ 28.Qd2 Qxd2+ 29.Kxd2 Nxd4
30.Bxd5+ Kh8 31.Kc1 c6 32.Bf7 g6 33.Rd1 c5 34.Bd5 b6 35.e6 Re8 36.Re1 Kg7
37.Bc4 b5 38.Bd5 Kf6 39.g4 g5 40.a4 bxa4 41.Rf1+ Ke5 42.Bc4 Nxe6 43.Rf5+ Kd4
44.Bxe6 Rxe6 45.Rxg5 Rh6 46.Rg7 a3 47.bxa3 Rxh2 48.Rxa7 Kc3 49.Kd1 c4 50.a4 h5
51.gxh5 Rxh5 52.a5 Rh1+ 53.Ke2 Ra1 54.a6 Ra4 55.Kd1 Ra1+ 56.Ke2 Kc2 57.Rc7 c3
58.a7 Ra6 59.Ke3 Ra4 60.Ke2 Ra3 61.Ke1 Kb2 62.Ke2 Kc2 63.Ke1 Ra5 64.Ke2 Ra6
65.Ke3 Ra4 66.Ke2 Ra3 67.Ke1 Kb2 68.Ke2 Ra6 69.Kd3 Rd6+ 70.Ke2 Re6+ 71.Kd3 Rd6+  1/2-1/2

[Event "CHN-RUS Chess Summit w"]
[Site "Ergun CHN"]
[Date "2006.08.17"]
[Round "7"]
[White "Shen Yang"]
[Black "Matveeva,S"]
[Result "1/2-1/2"]
[WhiteElo "2459"]
[BlackElo "2454"]

1.e4 e6 2.d4 d5 3.Nd2 a6 4.Ngf3 c5 5.exd5 exd5 6.Be2 Nf6 7.O-O Be7 8.dxc5 Bxc5
9.Nb3 Bb6 10.Bg5 O-O 11.c3 Re8 12.Nfd4 h6 13.Be3 Bc7 14.Re1 Nc6 15.Nd2 Ne5
16.h3 Ng6 17.Nf1 Qd6 18.Qb3 Nh4 19.Rad1 b5 20.Nf3 Nf5 21.Qb4 Qxb4 22.cxb4 Nxe3
23.Nxe3 Bb7 24.Nd4 Be5 25.Ng4 Bxd4 26.Rxd4 Nxg4 27.hxg4 Rac8 28.Rd2 Rc4 29.Red1 Rxb4
30.Bf3 g5 31.b3 Rf4 32.Kf1 Kg7 33.Rd3 Re6 34.g3 Rff6 35.Bxd5 Bxd5 36.Rxd5 Rc6  1/2-1/2

[Event "93rd ch-GBR"]
[Site "Swansea WLS"]
[Date "2006.08.17"]
[Round "11"]
[White "Hughes,Ro"]
[Black "Nicholson,Jo"]
[Result "1-0"]
[WhiteElo "2071"]
[BlackElo "1945"]

1.e4 e6 2.d4 d5 3.Nd2 a6 4.Bd3 c5 5.exd5 exd5 6.Ngf3 c4 7.Be2 Nf6 8.Ne5 Bd6
9.Ndf3 O-O 10.O-O Nc6 11.Bg5 Re8 12.Nxc6 bxc6 13.b3 cxb3 14.axb3 h6 15.Bh4 Bg4
16.Rxa6 Rxa6 17.Bxa6 Re4 18.Bg3 Bb4 19.Bd3 Bxf3 20.Qxf3  1-0

[Event "Open"]
[Site "Stare Mesto CZE"]
[Date "2006.08.18"]
[Round "9"]
[White "Bazant,P jr"]
[Black "Lasinskas,P"]
[Result "1-0"]
[WhiteElo "2272"]
[BlackElo "2124"]

1.e4 e6 2.d4 d5 3.Nd2 Nc6 4.c3 e5 5.Bb5 exd4 6.Qe2 Be7 7.cxd4 a6 8.Bxc6+ bxc6
9.Nb3 Nf6 10.exd5 O-O 11.Be3 Bb4+ 12.Nd2 a5 13.a3 Ba6 14.Qd1 Bd6 15.dxc6 Rb8
16.Qc2 Re8 17.O-O-O Nd5 18.Nh3 Nxe3 19.fxe3 Rxe3 20.Rde1 Qe7 21.Rxe3 Qxe3
22.Qe4 Qh6 23.Rd1 Bb5 24.Re1 g6 25.Qd5 Ba4 26.Ng5 Qg7 27.Rf1 Rb5 28.Qxf7+ Qxf7
29.Nxf7 Bxh2 30.Ne4 Kg7 31.Nc3 Rf5 32.Rxf5 gxf5 33.Nxa4 Kxf7 34.Nc3 Ke6 35.b4 axb4
36.axb4 h5 37.Kc2 h4 38.Kd3 Bg3 39.b5 Kd6 40.Ne2 Bh2 41.Ke3 Kd5 42.Nf4+ Kd6
43.Ng6 Bg3 44.Ne5 Bh2 45.Nc4+ Kd5 46.Kd3 Ke6 47.Ne3 Bg1 48.Nxf5 Kd5 49.Ne3+ Kd6
50.Ke4 Bf2 51.Nc4+ Ke6  1-0

[Event "Lichtenberger Sommer"]
[Site "Berlin GER"]
[Date "2006.08.22"]
[Round "4"]
[White "Rolle,E"]
[Black "Zschaebitz,K"]
[Result "1-0"]
[WhiteElo "2184"]
[BlackElo "2066"]

1.e4 e6 2.d4 d5 3.Nd2 a6 4.Ngf3 c5 5.Bd3 Nc6 6.dxc5 Bxc5 7.Qe2 Nb4 8.O-O Nf6
9.e5 Nd7 10.Nb3 Ba7 11.Bd2 Nc6 12.Bf4 Qc7 13.Bg3 a5 14.c3 a4 15.Nbd4 Bxd4
16.cxd4 Qb6 17.Rad1 h6 18.Bb1 Ndb8 19.h4 Bd7 20.h5 Na6 21.Bh4 Nc7 22.Rd2 Nb5
23.Qe3 Rc8 24.Rc1 Ne7 25.Rxc8+ Nxc8 26.Bd3 Nc7 27.Rc2 Ne7 28.g4 Bc6 29.Qf4 Na6
30.Bxa6 Qxa6 31.Qe3 Nc8 32.Qa3 Qb6 33.Qe3 Qb4 34.Ne1 Na7 35.Nd3 Qa5 36.f4 Nb5
37.a3 Na7 38.f5 Nc8 39.Nc5 exf5 40.gxf5 Ne7 41.Qf3 Rg8 42.Kh2 Qc7 43.Bg3 Qc8
44.Rf2 b6 45.f6 Nf5 46.Qxf5 Qxf5 47.Rxf5 bxc5 48.dxc5 Kd7 49.fxg7 Rxg7 50.Rf6 Rg5
51.Rxh6 Bb7 52.e6+ fxe6 53.Rh7+ Kc6 54.Rc7+ Kb5 55.Rxb7+ Kxc5 56.Rb4 Rxh5+
57.Kg2 e5 58.Rxa4 d4 59.Ra5+ Kd6 60.Kf2 Ke6 61.Ke2 d3+ 62.Kd2 Rh7 63.Rxe5+ Kf6
64.Re3 Rb7  1-0

[Event "23rd Open"]
[Site "Collado Villalba ESP"]
[Date "2006.08.23"]
[Round "5"]
[White "Babaev,Ra"]
[Black "Elissalt Cardenas,H"]
[Result "1/2-1/2"]
[WhiteElo "2454"]
[BlackElo "2329"]

1.e4 e6 2.d4 d5 3.Nd2 a6 4.Ngf3 c5 5.exd5 exd5 6.Be2 Nc6 7.O-O cxd4 8.Nb3 Bd6
9.Bg5 f6 10.Bh4 Nge7 11.Bg3 O-O 12.Bxd6 Qxd6 13.Nfxd4 Ne5 14.Re1 Rd8 15.c3 Bd7
16.Nc2 Ba4 17.Nbd4 Bxc2 18.Qxc2 N7c6 19.Rad1 Nxd4 20.Rxd4 Nc6 21.Rd2 Qe6
22.Red1 Rd7 23.h3 g6 24.Qb3 Rad8 25.Bg4 f5 26.Bf3 Ne7 27.Qb4 Kg7 28.g3 Qf6
29.h4 h5 30.Qf4 b5 31.Re2 Rd6 32.Kh2 R8d7 33.Red2 Rd8 34.Rd4 Qe6 35.R4d2 Ng8
36.Re2 Qf7 37.Qd4+ Nf6 38.Rde1 R8d7 39.Re8 Kh7 40.Rb8 Qg7 41.Re5 Rc7 42.Qe3 Nd7
43.Re7 Nxb8 44.Rxg7+ Rxg7 45.Qe5 Rgd7 46.Bxh5 Nc6 47.Qf4 gxh5 48.Qxf5+ Kg7
49.Qxh5 d4 50.cxd4 Nxd4 51.Kg2 Ne6 52.Qe5+ Kf7 53.Qf5+ Ke7 54.b3 Rd5 55.Qh7+ Kd6
56.Qg8 Rd8 57.Qg4 Rd4 58.Qf3  1/2-1/2

[Event "6th Open"]
[Site "Velika Gorica CRO"]
[Date "2006.08.24"]
[Round "7"]
[White "Purgar,I"]
[Black "Pandurevic,M"]
[Result "0-1"]
[WhiteElo "1957"]
[BlackElo "2259"]

1.e4 e6 2.d4 d5 3.Nd2 Nc6 4.Ngf3 Nf6 5.e5 Nd7 6.Bb5 f6 7.Nb3 fxe5 8.dxe5 Be7
9.Nbd4 Ndb8 10.Ng5 Bxg5 11.Qh5+ g6 12.Qxg5 Qxg5 13.Bxg5 Bd7 14.Nxc6 Bxc6
15.Bd3 Nd7 16.f4 Kf7 17.Bh6 Nc5 18.O-O-O d4 19.Rhg1 Rhd8 20.Be2 Be4 21.Bg5 Rd7
22.g4 a5 23.Rgf1 c6 24.Rd2 h6 25.Bh4 a4 26.a3 d3 27.Bf3 Rd4 28.Bf2 dxc2 29.Rxc2 Nb3+
30.Kb1 Bxc2+ 31.Kxc2 Rc4+ 32.Kd3 b5 33.Bb6 Rb8 34.Bc7 Rc8 35.Bb6 Rxf4 36.Ke3 g5
37.Rd1 Ke7 38.Rd6 Rc4 39.Be4 Rc1 40.h3 Re1+ 41.Kf3 Rf8+ 42.Bf5 Rxe5 43.Rxc6 exf5
44.Rxh6 fxg4+ 45.Kxg4 Rf4+ 46.Kg3 Rh4 47.Rc6 Rc4 48.Rh6 b4 49.axb4 Rxb4 50.Rh7+ Ke8
51.Rh8+ Kf7 52.Bf2 Nd2 53.Bg1 Rxb2 54.Bd4 Rb3+ 55.Kf2 Ne4+ 56.Kg2 Rd5  0-1

[Event "Lichtenberger Sommer"]
[Site "Berlin GER"]
[Date "2006.08.26"]
[Round "8"]
[White "Rolle,E"]
[Black "Fruebing,T"]
[Result "1/2-1/2"]
[WhiteElo "2184"]
[BlackElo "2247"]

1.e4 e6 2.d4 d5 3.Nd2 Nc6 4.Ngf3 Nf6 5.exd5 exd5 6.Be2 Bd6 7.O-O O-O 8.c4 Bg4
9.h3 Bh5 10.b3 Re8 11.Bb2 Bf4 12.Re1 Ne4 13.Nxe4 dxe4 14.Nh2 e3  1/2-1/2

[Event "6th Open"]
[Site "Velika Gorica CRO"]
[Date "2006.08.26"]
[Round "9"]
[White "Starcevic,K"]
[Black "Pandurevic,M"]
[Result "0-1"]
[WhiteElo "2131"]
[BlackElo "2259"]

1.e4 e6 2.d4 d5 3.Nd2 Nc6 4.c3 e5 5.dxe5 Nxe5 6.Be2 Nf6 7.exd5 Qxd5 8.Ngf3 Nd3+
9.Bxd3 Qxd3 10.Qe2+ Qxe2+ 11.Kxe2 Bf5 12.Re1 O-O-O 13.Kf1 Bd6 14.Nd4 Bd3+
15.Kg1 c5 16.N4f3 Rhe8 17.Rxe8 Rxe8 18.Nf1 Be4 19.Be3 Ng4 20.Re1 Bxf3 21.gxf3 Ne5
22.Kg2 Re6 23.Bf4 Nd3  0-1

[Event "XXVI Open A"]
[Site "Bratto ITA"]
[Date "2006.08.27"]
[Round "9"]
[White "Dervishi,E"]
[Black "Drasko,M"]
[Result "1-0"]
[WhiteElo "2531"]
[BlackElo "2521"]

1.e4 e6 2.d4 d5 3.Nd2 Nc6 4.Ngf3 Nf6 5.e5 Nd7 6.Be2 f6 7.exf6 Qxf6 8.c3 Bd6
9.O-O O-O 10.Nb3 h6 11.Be3 b6 12.g3 Bb7 13.Nh4 Ne7 14.f4 Nf5 15.Ng2 c5 16.Bf2 Rac8
17.g4 Ne7 18.Be3 Qf7 19.Nd2 cxd4 20.cxd4 Nf6 21.Bd3 h5 22.h3 hxg4 23.hxg4 g6
24.Qf3 Kg7 25.Rac1 Rxc1 26.Rxc1 Rc8 27.Re1 Rh8 28.a3 g5 29.Rf1 Ng6 30.Rf2 Qc7
31.fxg5 Bh2+ 32.Kf1 Ne4 33.Nxe4 dxe4 34.Qf6+ Kh7 35.Qxe6 Rf8 36.Rxf8 Nxf8
37.Bxe4+ Bxe4 38.Qxe4+ Kg7 39.Nh4 Qc4+ 40.Kf2  1-0

[Event "It"]
[Site "Hereford ENG"]
[Date "2006.08.31"]
[Round "4"]
[White "Wells,P"]
[Black "Jones,G"]
[Result "1/2-1/2"]
[WhiteElo "2480"]
[BlackElo "2416"]

1.d4 e6 2.e4 d5 3.Nd2 a6 4.Ngf3 Nf6 5.e5 Nfd7 6.Bd3 c5 7.c3 Nc6 8.O-O g5
9.dxc5 g4 10.Nd4 Ncxe5 11.Be2 Nxc5 12.Bxg4 Nxg4 13.Qxg4 Qf6 14.Qg3 Be7 15.N4b3 Qg6
16.Nxc5 Qxg3 17.hxg3 Bxc5 18.c4 dxc4 19.Nxc4 b5 20.Be3 bxc4 21.Bxc5 Bb7 22.Rad1 Rd8
23.Bd4 Rg8 24.Bf6 Rxd1 25.Rxd1 Bd5 26.Rd4 Rg6 27.Rf4 h5 28.Kh2 Rg4 29.f3 Rxf4
30.gxf4 c3 31.Bxc3  1/2-1/2

[Event "It"]
[Site "Hereford ENG"]
[Date "2006.08.31"]
[Round "5"]
[White "Jones,G"]
[Black "Stark,L"]
[Result "1-0"]
[WhiteElo "2416"]
[BlackElo "2419"]

1.e4 e6 2.d4 d5 3.Nd2 Nc6 4.Ngf3 Nf6 5.e5 Nd7 6.Bd3 Nb4 7.Be2 c5 8.c3 Nc6
9.Bd3 cxd4 10.cxd4 f6 11.exf6 Nxf6 12.O-O Bd6 13.Re1 O-O 14.Nf1 Qb6 15.Ng3 Bd7
16.Ne5 Rae8 17.Be3 Re7 18.Nh5 Be8 19.Nxf6+ Rxf6 20.Nxc6 Bxc6 21.Bg5 Qxb2
22.Bxf6 gxf6 23.Qg4+ Kh8 24.Qh4 Rf7 25.Bxh7 Rxh7 26.Qxf6+ Rg7 27.Qd8+ Kh7
28.Qxd6 Qxd4 29.Qxe6 Qf4 30.Qh3+ Kg8 31.Re3 Bd7 32.Qf3 Qg5 33.Rae1 Bc6 34.Qh3  1-0

[Event "Okie Masters"]
[Site "Tulsa USA"]
[Date "2006.09.03"]
[Round "5"]
[White "Langer,M USA"]
[Black "Mc Entee,T"]
[Result "1-0"]
[WhiteElo "2286"]
[BlackElo "2177"]

1.e4 e6 2.d4 d5 3.Nd2 Nc6 4.Ngf3 Nf6 5.e5 Nd7 6.Bb5 Be7 7.c3 a6 8.Ba4 b5
9.Bc2 a5 10.Bd3 Na7 11.a4 b4 12.Nb3 c5 13.dxc5 Nxc5 14.Nxc5 Bxc5 15.O-O h6
16.Nd4 g6 17.Qg4 h5 18.Qg3 Rg8 19.Bg5 Qb6 20.Nb3 Be7 21.Bxe7 Kxe7 22.Qg5+ Ke8
23.Rfc1 bxc3 24.Rxc3 d4 25.Nxd4 Qxd4 26.Rd1 Bd7 27.Rc7 Nc6 28.Qc1 Qb6 29.Rxd7 Kxd7
30.Bb5+ Ke7 31.Bxc6 Rac8 32.Rd7+ Kf8 33.Qh6+ Rg7 34.Qh8+ Rg8 35.Rxf7+  1-0

[Event "ch-U20 Panamerican"]
[Site "Bogota COL"]
[Date "2006.09.07"]
[Round "8"]
[White "Munoz,Li"]
[Black "Morales Mendoza,L"]
[Result "1-0"]
[WhiteElo "2332"]
[BlackElo "2210"]

1.e4 e6 2.d4 d5 3.Nd2 Be7 4.e5 c5 5.Qg4 g6 6.dxc5 Bxc5 7.Nb3 Bf8 8.Nf3 Nc6
9.Bb5 Bd7 10.Bxc6 bxc6 11.O-O Qc7 12.Re1 c5 13.c4 Bg7 14.Bg5 h6 15.Bh4 Ne7
16.Bf6 Rg8 17.Rac1 d4 18.Nfd2 Bf8 19.Ne4 Nf5 20.Bh4 Nxh4 21.Nf6+ Kd8 22.Nxg8 Nf5
23.Nf6 Bc6 24.Ne4 Bb7 25.Ng3 h5 26.Qg5+ Be7 27.Qd2 Nh4 28.Ne4 a5 29.Rcd1 Nf5
30.Qf4 Rb8 31.Ng5 Ke8 32.Nd2 Ba6 33.b3 Rb6 34.Rc1 Bb7 35.Nde4 f6 36.Nh7 fxe5
37.Qd2 Bxe4 38.Rxe4 Nd6 39.Ree1 Nf7 40.Qd3 Nh8 41.Qf3 Qd8 42.Rxe5 Nf7 43.Re4 e5
44.g3 Re6 45.Rce1 Qd7 46.h4 Bd8 47.Rxe5  1-0

[Event "ch-EU"]
[Site "Liverpool ENG"]
[Date "2006.09.07"]
[Round "2"]
[White "Luther,T"]
[Black "Blackburn,J"]
[Result "1-0"]
[WhiteElo "2589"]
[BlackElo "2207"]

1.e4 e6 2.d4 d5 3.Nd2 Be7 4.Ngf3 Nf6 5.e5 Nfd7 6.Bd3 c5 7.c3 b6 8.Qe2 Nc6
9.a3 c4 10.Bc2 b5 11.O-O Qb6 12.Ne1 h5 13.Ndf3 Qd8 14.g3 Nf8 15.Ng2 g6 16.b3 cxb3
17.Bxb3 Na5 18.Bc2 Nc4 19.a4 Bd7 20.Ne3 a6 21.axb5 axb5 22.Rxa8 Qxa8 23.Nxc4 bxc4
24.Bg5 Nh7 25.Bxe7 Kxe7 26.Qd2 Bc6 27.Qh6 Qf8 28.Qf4 Qa8 29.Ng5 Nxg5 30.Qxg5+ Kd7
31.Qf6 Rf8 32.Qg7 Ke8 33.Rb1 Bd7 34.Kg2 Qa7 35.h4 Qa8 36.Rb2 Qa7 37.Bb1 Qa8
38.Ra2 Qb8 39.Bc2 Qb7 40.Qf6 Rg8 41.Kf3 Bc6 42.Kf4 Rf8 43.Ke3 Rg8 44.Kd2 Qe7
45.Ke3 Qb7 46.f3 Qe7 47.Qxe7+ Kxe7 48.Ra7+ Kf8 49.Rc7 Be8 50.Kf4 Kg7 51.Kg5 Rh8
52.Bxg6 Kf8 53.Bc2 Rg8+ 54.Kf4 Rh8 55.Ke3 Rg8 56.Kf2 Kg7 57.Rc8 Rf8 58.Ke3 Rg8
59.Ra8 Rf8 60.f4 Bd7 61.Rxf8 Kxf8 62.Bd1 Kg7 63.Bxh5 Ba4 64.Kd2 Bd7 65.Bd1 Kh6
66.g4 Kg6 67.h5+ Kh6 68.g5+ Kg7 69.Kc1  1-0

[Event "Mitropa Cup Men"]
[Site "Brno CZE"]
[Date "2006.09.08"]
[Round "2"]
[White "Jenni,F"]
[Black "Cvek,R"]
[Result "1/2-1/2"]
[WhiteElo "2481"]
[BlackElo "2509"]

1.e4 e6 2.d4 d5 3.Nd2 Be7 4.Ngf3 Nf6 5.e5 Nfd7 6.c3 c5 7.Be2 Nc6 8.O-O O-O
9.Nb3 c4 10.Nbd2 b5 11.Re1 b4 12.Nf1 bxc3 13.bxc3 Qa5 14.Qc2 f6 15.exf6 Nxf6
16.Ng3 Bd7 17.Bd1 Bd6 18.a4 Bxg3 19.hxg3 Ne4 20.Rxe4 dxe4 21.Ng5 Qf5 22.g4 Qg6
23.Qxe4 Qxe4 24.Nxe4 Na5 25.Ba3 Rfd8 26.Nc5 Rab8 27.Bb4 Nc6 28.Ba3 Na5 29.Be2 Nb3
30.Re1 Nxc5 31.Bxc5 Bxa4 32.Bxc4 Bb3 33.Ba6 Bd5 34.Ra1 Rb3 35.Bb4 Rb8 36.Be2 Rb2
37.Bd3 Ra2 38.Rxa2 Bxa2 39.f4 Bd5 40.Kf2 a5 41.Bxa5 Rb2+ 42.Ke3 Rxg2 43.Be2 g6
44.c4 Bb7 45.g5 Rg3+ 46.Kd2 Ra3 47.Bc7 Ba6 48.Bd3 Kf7 49.Bd6 Ra1 50.Kc3 Ke8
51.Bc2 Kd7 52.Be5 Rc1 53.Kb2 Rxc2+  1/2-1/2

[Event "ch-EU"]
[Site "Liverpool ENG"]
[Date "2006.09.09"]
[Round "4"]
[White "Jones,G"]
[Black "Blackburn,J"]
[Result "1-0"]
[WhiteElo "2416"]
[BlackElo "2207"]

1.e4 e6 2.d4 d5 3.Nd2 Be7 4.Ngf3 Nf6 5.e5 Ne4 6.Bd3 Nxd2 7.Bxd2 b6 8.c3 a5
9.b4 axb4 10.cxb4 Ra3 11.Qb1 c6 12.b5 cxb5 13.Bxb5+ Bd7 14.O-O O-O 15.Rc1 h6
16.Bxd7 Qxd7 17.Qxb6 Na6 18.Qc6 Qa7 19.Rab1 Rb8 20.Rxb8+ Qxb8 21.Qd7 Qb2
22.Qxe7 Rxf3 23.gxf3 Qxd2 24.Rc8+ Kh7 25.Qxf7 Nb4 26.Qg8+ Kg6 27.Qxe6+  1-0

[Event "59th ch-RUS 1st League"]
[Site "Tomsk RUS"]
[Date "2006.09.09"]
[Round "7"]
[White "Vorobiov,E"]
[Black "Volkov,S1"]
[Result "1/2-1/2"]
[WhiteElo "2539"]
[BlackElo "2628"]

1.e4 e6 2.d4 d5 3.Nd2 a6 4.Ngf3 c5 5.dxc5 Bxc5 6.Bd3 Ne7 7.O-O Nbc6 8.exd5 exd5
9.Nb3 Bd6 10.Bg5 Bg4 11.Be2 Qc7 12.h3 Bh5 13.Nfd4 Bg6 14.Nxc6 bxc6 15.c4 O-O
16.cxd5 Nxd5 17.Bf3 h6 18.Bd2 Be5 19.Rc1 Qd7 20.Bc3 Bxc3 21.Rxc3 Rfd8 22.Bxd5 cxd5
23.Nd4 Rac8 24.Qd2 Rxc3 25.Qxc3 Rc8 26.Qd2 Qa4  1/2-1/2

[Event "3rd LGA Premium Cup"]
[Site "Nuernberg GER"]
[Date "2006.09.10"]
[Round "6"]
[White "Lowitz,T"]
[Black "Meinhardt,Ma"]
[Result "0-1"]
[WhiteElo "2109"]
[BlackElo "2387"]

1.e4 e6 2.d4 d5 3.Nd2 Nc6 4.Ngf3 Nf6 5.e5 Nd7 6.Nb3 a5 7.a4 Be7 8.Bd3 b6
9.O-O Nb4 10.Be2 c5 11.c3 Nc6 12.Re1 O-O 13.Be3 Bb7 14.Bb5 Rc8 15.Rc1 h6
16.Qe2 Ba8 17.Red1 Na7 18.Ba6 Rb8 19.c4 Bc6 20.Bb5 dxc4 21.Bxc6 Nxc6 22.Qxc4 Qe8
23.dxc5 bxc5 24.Nxc5 Ndxe5 25.Nxe5 Nxe5 26.Qc3 Bf6 27.Bd4 Ng4 28.Nd7 Qxd7
29.Bxf6 Qxa4 30.Rd4 Rb4 31.Bxg7 Rxd4 32.Bxd4 Rd8 33.h3 Rxd4 34.hxg4 Rd1+
35.Rxd1 Qxd1+ 36.Kh2 Qxg4 37.Qxa5 Qf4+ 38.Kg1 Qc1+ 39.Kh2 Qxb2 40.f3 Kg7
41.Qh5 Qf6 42.Qg4+ Qg5 43.Qd4+ e5 44.Qd7 Qh4+  0-1

[Event "3rd LGA Premium Cup"]
[Site "Nuernberg GER"]
[Date "2006.09.10"]
[Round "6"]
[White "Ginsburg,G"]
[Black "Unzicker,F"]
[Result "1/2-1/2"]
[WhiteElo "2506"]
[BlackElo "2278"]

1.e4 e6 2.d4 d5 3.Nd2 Be7 4.e5 Nh6 5.Bd3 c5 6.c3 Nc6 7.Ne2 cxd4 8.cxd4 f6
9.exf6 Bxf6 10.Nf3 Nf7 11.O-O O-O 12.Be3 g6 13.Rc1 Bd7 14.Nc3 Qe7 15.Qd2 Bg7
16.Rfe1 Rae8 17.Bf4 Qd8 18.Ne5 Nxd4 19.Bxg6 Nxe5 20.Bxe5 Nf3+ 21.gxf3 hxg6
22.f4 Qh4 23.Qd3 Bxe5 24.Rxe5 Rf6 25.Ne2 Bc6 26.Qg3 Qh6 27.Re1 Kf7 28.Rg5 Qf8
29.Nd4 Qb4 30.Qe3 Re7 31.Re5 Bd7 32.b3 Ke8 33.Kg2 a6 34.Kg3 Kd8 35.Rc1 Ref7
36.h4 Bc6  1/2-1/2

[Event "I Open"]
[Site "Vitoria BRA"]
[Date "2006.09.10"]
[Round "7"]
[White "Pelikian,J"]
[Black "Macedo,MI"]
[Result "1-0"]
[WhiteElo "2385"]
[BlackElo "2207"]

1.e4 e6 2.d4 d5 3.Nd2 Nc6 4.Ngf3 Nf6 5.e5 Nd7 6.Be2 f6 7.exf6 Qxf6 8.Nf1 Bd6
9.Ne3 O-O 10.O-O Ne7 11.c4 Ng6 12.cxd5 Nf4 13.Ng4 Qf5 14.Bxf4 Bxf4 15.dxe6 Qxg4
16.e7 Re8 17.Qb3+ Kh8 18.Ne5 Bxh2+ 19.Kh1  1-0

[Event "XVI WSen"]
[Site "Arvier ITA"]
[Date "2006.09.11"]
[Round "1"]
[White "Sax,H"]
[Black "Zelkind,E"]
[Result "1-0"]
[WhiteElo "1966"]
[BlackElo "2232"]

1.e4 e6 2.d4 d5 3.Nd2 a6 4.Bd3 c5 5.c3 Nc6 6.Ne2 cxd4 7.cxd4 dxe4 8.Nxe4 Nf6
9.Nxf6+ Qxf6 10.O-O Bd6 11.a3 O-O 12.Be3 Rd8 13.Qc2 h6 14.Rad1 Bd7 15.Be4 Rac8
16.Qb1 Na5 17.b4 Bb5 18.Qa2 Bc4 19.Qb2 Nc6 20.Bf3 b5 21.Rfe1 Ne7 22.Ng3 Bd5
23.Bxd5 exd5 24.Rc1 Rc4 25.Qe2 Rdc8 26.Qg4 Qe6 27.Qd1 Qg6 28.Ne2 Nf5 29.Qd3 Nxd4
30.Qxd4 Qh5 31.g3 Bc5 32.Qd2  1-0

[Event "EU-chB16"]
[Site "Herceg Novi MNE"]
[Date "2006.09.11"]
[Round "2"]
[White "Pap,G"]
[Black "Tereick,B"]
[Result "1-0"]
[WhiteElo "2412"]
[BlackElo "2262"]

1.e4 e6 2.d4 d5 3.Nd2 Be7 4.Ngf3 Nf6 5.Bd3 c5 6.exd5 Qxd5 7.dxc5 Bxc5 8.Qe2 Nbd7
9.Ne4 Be7 10.O-O Nxe4 11.Bxe4 Qh5 12.Rd1 Nf6 13.Bg5 O-O 14.Qc4 h6 15.Bxf6 Bxf6
16.c3 e5 17.Bd5 Bf5 18.Re1 Rac8 19.Qa4 Rfd8 20.Bxb7 Rb8 21.Qxa7 e4 22.Bxe4 Bxe4
23.Rxe4 Qd5 24.Qe3 Rxb2 25.h3 Rc2 26.Re1 Rxc3 27.Re8+ Rxe8 28.Qxe8+ Kh7 29.a4 Ra3
30.Qe4+ Qxe4 31.Rxe4 g6 32.Rc4 Kg7 33.Kf1 Ra1+ 34.Ne1 h5 35.Ke2 Ra2+ 36.Nc2 Rb2
37.Kd2 Ra2 38.Kc1 Kg8 39.Rb4 Be7 40.Kb1 Bxb4 41.Kxa2 Bc5 42.f3 Kg7 43.Kb3 Kf6
44.a5 Kg5 45.Kc4 Ba7 46.Nd4 Kf4 47.Nc6 Bf2 48.Kd5 Ke3 49.a6 Kd3 50.Ne5+ Ke2
51.Nxf7 Kf1 52.g4 Kg2 53.gxh5 gxh5 54.Ng5 Be3 55.f4 Bxf4 56.a7 Bxg5 57.a8=Q Kxh3
58.Ke4  1-0